000 00572nam a2200157Ia 4500
008 230907s9999||||xx |||||||||||||| ||und||
082 _a621.3
_bSHA
100 _aShayan Umar (00000317872)
_9116749
245 0 _aExperimental Study of the Impact of Dew on Soiling and Automatic Surface-Cleaning Set-Up to Optimize the Electricity Production of PV Panels in Polluted Atmosphere /
260 _aUSPCAS-E, NUST,
_bIslamabad :
_c2022
300 _axi, 53 p.
520 _aTH-416
650 _aMS-ESE Thesis MS Thesis
700 _aDr Adeel Waqas
_928869
942 _cTHE
_2ddc
999 _c602094
_d602094